[Event "Transcontinental F"]
[Site "Montreal"]
[Date "2016.12.09"]
[Round "1"]
[White "Dimov, Petre"]
[Black "Gervais, Marcel"]
[Result "0-1"]
[WhiteElo "1250"]
[BlackElo "1302"]
[EventDate "2016.12.09"]

1.e4 c6 2.Bc4 d5 3.exd5 cxd5 4.Bb3 e5 5.Qh5 Nf6 6.Qe2 Nc6 7.Nf3 Bd6 8.d4 
O-O 9.Bg5 exd4 10.O-O Be6 11.a3 h6 12.Bh4 Be7 13.Nbd2 Rc8 14.Ba2 Qb6 15.b4
Rfe8 16.Nb3 Ne4 17.Qd3 Bxh4 18.Nxh4 Nc3 19.f4 Bg4 20.Nf3 Re3 21.Qd2 Rce8 
22.Kh1 Bxf3 23.gxf3 Re2 24.Qc1 Qd8 25.Nxd4 Nxd4 26.Rg1 Nf5 27.Qf1 Qh4 28.
h3 Ng3+ 29.Rxg3 Qxg3 0-1

[Event "Transcontinental F"]
[Site "Montreal"]
[Date "2016.12.10"]
[Round "2"]
[White "Pietka, Krystyn"]
[Black "Lauzon, Francois"]
[Result "0-1"]
[WhiteElo "1234"]
[BlackElo "1200"]
[EventDate "2016.12.09"]

1.Nh3 d5 2.g3 Nc6 3.d4 h6 4.Nc3 Nf6 5.Bg2 Bf5 6.f3 e6 7.e4 Bh7 8.e5 Nd7 9.
a3 Na5 10.b3 c6 11.Bd2 b5 12.b4 Nc4 13.Bf1 Ndb6 14.Bxc4 Nxc4 15.Qb1 Bf5 
16.g4 Qh4+ 17.Nf2 Nxd2 18.Qd1 Nc4 19.gxf5 Ne3 20.Qd2 Nxf5 21.Ke2 Nxd4+ 22.
Ke3 Qg5+ 23.f4 Nf5+ 24.Kd3 Qg6 25.Rag1 Ng3+ 26.Ke3 d4+ 27.Kxd4 Rd8+ 28.Ke3
Nf5+ 29.Ke2 Qh5+ 30.Ke1 Rxd2 31.Kxd2 Nh4 32.Kc1 Be7 33.Rd1 O-O 34.Rd7 Re8 
35.Nce4 Qf3 36.Rg1 Qxa3+ 37.Kb1 Qxb4+ 38.Ka1 a5 39.Rxe7 Rxe7 40.Nf6+ Kh8 
41.N2g4 Qd4+ 0-1

[Event "Transcontinental F"]
[Site "Montreal"]
[Date "2016.12.10"]
[Round "2"]
[White "Dimov, Petre"]
[Black "Labadie, Bernard"]
[Result "0-1"]
[WhiteElo "1250"]
[BlackElo "1247"]
[EventDate "2016.12.09"]

1.e4 c5 2.g3 Nc6 3.Bg2 Nf6 4.a3 e6 5.Nc3 d6 6.d3 h6 7.Nf3 Be7 8.b3 O-O 9.
Bb2 Bd7 10.Qd2 a6 11.O-O Qc7 12.Ne2 Rac8 13.c4 e5 14.Nc3 Na5 15.Qc2 Qb6 
16.Nd2 Qc7 17.f4 Nc6 18.Ne2 Ng4 19.Rf3 exf4 20.Nxf4 Bg5 21.Kh1 Nd4 22.Qc3 
Bf6 23.Nd5 Qd8 24.Nxf6+ Nxf6 25.Rf2 Ng4 26.Rf4 Qg5 27.Nf3 Nxf3 28.Rxf3 f6 
29.Bh3 Qh5 30.Bxg4 Bxg4 31.Rf2 Rfe8 32.Re1 Re5 33.Qd2 Bf3+ 34.Kg1 Rg5 35.
Qf4 Bd1 36.Qxd6 Bxb3 37.Qe6+ Kh7 38.Qxc8 Bd1 39.Qxb7 Bf3 40.Bxf6 Rxg3+ 41.
Rg2 Rxg2+ 42.Kf1 Qxh2 43.Qxg7+ Rxg7 44.Bxg7 Qg2# 0-1

[Event "Transcontinental F"]
[Site "Montreal"]
[Date "2016.12.10"]
[Round "2"]
[White "Gervais, Marcel"]
[Black "Denis, Alain"]
[Result "1-0"]
[WhiteElo "1302"]
[BlackElo "1179"]
[EventDate "2016.12.09"]

1.c4 Nf6 2.Nc3 g6 3.d4 d5 4.cxd5 Nxd5 5.Nf3 Nc6 6.a3 Bg7 7.e3 O-O 8.Be2 
Re8 9.O-O a6 10.Rb1 Nxc3 11.bxc3 e6 12.a4 Ne7 13.e4 c6 14.Bg5 h6 15.Be3 b5
16.Qc1 g5 17.h4 f6 18.Rd1 Bb7 19.c4 Qa5 20.axb5 cxb5 21.Qc2 Rec8 22.Bd2 
Qc7 23.c5 Ng6 24.e5 Rab8 25.Qxg6 1-0

[Event "Transcontinental F"]
[Site "Montreal"]
[Date "2016.12.10"]
[Round "3"]
[White "Labadie, Bernard"]
[Black "Gervais, Marcel"]
[Result "1-0"]
[WhiteElo "1247"]
[BlackElo "1302"]
[EventDate "2016.12.09"]

1.e4 c6 2.d4 d5 3.Nd2 dxe4 4.Nxe4 Bf5 5.Ng3 Bg6 6.Nf3 Nf6 7.Bc4 e6 8.O-O 
Bd6 9.Bg5 O-O 10.Re1 Nbd7 11.Ne5 h6 12.Nxg6 fxg6 13.Rxe6 Kh7 14.Rxd6 hxg5 
15.Qd3 Qc7 16.Ne4 Nxe4 17.Qh3# 1-0

[Event "Transcontinental F"]
[Site "Montreal"]
[Date "2016.12.10"]
[Round "3"]
[White "Denis, Alain"]
[Black "Pietka, Krystyn"]
[Result "0-1"]
[WhiteElo "1179"]
[BlackElo "1234"]
[EventDate "2016.12.09"]

1.e4 c6 2.d4 d5 3.Nc3 dxe4 4.Nxe4 e5 5.Nf3 f5 6.Bg5 Qa5+ 7.Bd2 Qb6 8.Nd6+ 
Bxd6 9.dxe5 Bc5 10.Be3 Bxe3 11.fxe3 Qxe3+ 12.Qe2 Qxe2+ 13.Bxe2 Ne7 14.Nh4 
Be6 15.b3 Nd7 16.Nf3 O-O-O 17.c4 c5 18.Ng5 Bg8 19.O-O Nxe5 20.Rad1 h6 21.
Nf3 Nxf3+ 22.Bxf3 Rxd1 23.Rxd1 Kc7 24.Re1 Nc6 25.Bxc6 Kxc6 26.Re8 Kd7 27.
Ra8 g5 28.Kf2 Ke6 29.Kf3 Kf6 30.g3 Kg7 31.h4 Bf7 32.Rxh8 Kxh8 33.hxg5 hxg5
34.Ke3 Kg7 35.Kf3 Bh5+ 36.Ke3 Kf6 37.Kd3 Ke5 38.Ke3 b6 39.Kd3 Be8 40.a4 a6
41.Ke3 Bg6 42.Kd2 Kd4 0-1

[Event "Transcontinental F"]
[Site "Montreal"]
[Date "2016.12.10"]
[Round "3"]
[White "Lauzon, Francois"]
[Black "Dimov, Petre"]
[Result "0-1"]
[WhiteElo "1200"]
[BlackElo "1250"]
[EventDate "2016.12.09"]

1.d4 Nf6 2.c4 e5 3.d5 Bc5 4.Bg5 Ne4 5.Be3 Bxe3 6.Nh3 d6 7.fxe3 Qh4+ 8.g3 
Qh6 9.Qd3 Bf5 10.Rg1 Nxg3 11.Qb3 Ne4 12.Bg2 Qh4+ 13.Kd1 Nc5 14.Qa3 Bxh3 
15.Nd2 Bxg2 16.Rxg2 Ne4 17.Nf3 Qh3 18.Ne1 Nd7 19.Kc2 O-O-O 20.b4 Nb6 21.
Qxa7 Qxe3 22.Nd3 Qd2+ 0-1

[Event "Transcontinental F"]
[Site "Montreal"]
[Date "2016.12.11"]
[Round "4"]
[White "Labadie, Bernard"]
[Black "Lauzon, Francois"]
[Result "1-0"]
[WhiteElo "1247"]
[BlackElo "1200"]
[EventDate "2016.12.09"]

1.e4 e5 2.Nf3 Nc6 3.Bc4 Bc5 4.O-O Nf6 5.Qe2 O-O 6.a3 a5 7.Nc3 Nd4 8.Qd1 
Nxf3+ 9.Qxf3 c6 10.h3 b5 11.Ba2 Ba6 12.d3 h6 13.Qg3 d6 14.Bxh6 Nh5 15.Qg4 
g6 16.Bxf8 Kxf8 17.Kh1 Bc8 18.Qd1 Qh4 19.Qf3 f6 20.Ne2 Ra7 21.b4 axb4 22.
axb4 Bb6 23.Ng1 Qg5 24.Bb3 Rxa1 25.Rxa1 Bb7 26.Be6 Kg7 27.Bg4 Qd2 28.Bxh5 
gxh5 29.Qxh5 Qxf2 30.Qg4+ Kh6 31.Nf3 Qxc2 32.h4 Qb2 33.Re1 Qxb4 34.h5 Kh7 
35.Qg6+ Kh8 36.h6 1-0

[Event "Transcontinental F"]
[Site "Montreal"]
[Date "2016.12.11"]
[Round "4"]
[White "Gervais, Marcel"]
[Black "Pietka, Krystyn"]
[Result "1-0"]
[WhiteElo "1302"]
[BlackElo "1234"]
[EventDate "2016.12.09"]

1.Nf3 c5 2.c4 Nc6 3.d4 cxd4 4.Nxd4 Qb6 5.e3 e5 6.Nf3 Bb4+ 7.Nfd2 Nf6 8.a3 
Bxd2+ 9.Nxd2 Qa5 10.Be2 O-O 11.O-O d6 12.b3 Re8 13.Bb2 e4 14.Bxf6 gxf6 15.
Qc2 Qf5 16.Rad1 Qg6 17.Rfe1 Bh3 18.g3 f5 19.Nb1 Ne5 20.Nd2 Bg4 21.Kg2 Nd3 
22.Bxd3 Bxd1 23.Rxd1 exd3 24.Qxd3 Rad8 25.Nf3 Re4 26.Qd5 f4 27.Nh4 Qe6 28.
Qg5+ Kf8 29.Qxd8+ Kg7 30.Qxd6 Qg4 31.Qd5 f3+ 32.Nxf3 f6 33.Qxb7+ Kg6 34.
Rd7 Kf5 35.Rd5+ Kg6 36.Nh4+ Kh6 37.Nf5+ Kg5 38.Qg7+ Kh5 39.Qh6# 1-0

[Event "Transcontinental F"]
[Site "Montreal"]
[Date "2016.12.11"]
[Round "4"]
[White "Dimov, Petre"]
[Black "Denis, Alain"]
[Result "1-0"]
[WhiteElo "1250"]
[BlackElo "1179"]
[EventDate "2016.12.09"]

1.d4 g6 2.Bf4 Nf6 3.e3 Bg7 4.c3 O-O 5.Nd2 d6 6.h4 Nd5 7.Bh2 h6 8.Bd3 Nc6 
9.h5 g5 10.Qc2 Nf6 11.f4 g4 12.Bg3 Ne8 13.O-O-O f5 14.Bh4 Be6 15.Ne2 Qd7 
16.Ng3 Bxa2 17.b3 Bxb3 18.Nxb3 Bf6 19.Nxf5 Bxh4 20.Bc4+ 1-0

[Event "Transcontinental F"]
[Site "Montreal"]
[Date "2016.12.11"]
[Round "5"]
[White "Lauzon, Francois"]
[Black "Gervais, Marcel"]
[Result "0-1"]
[WhiteElo "1200"]
[BlackElo "1302"]
[EventDate "2016.12.09"]

1.e4 c6 2.d4 d5 3.Nc3 dxe4 4.Nxe4 Nf6 5.Nxf6+ exf6 6.c3 g6 7.Qe2+ Be7 8.
Bh6 Be6 9.O-O-O Bxa2 10.g3 Bd5 11.f3 Qa5 12.Bg7 Bb3 13.Re1 Qa1+ 14.Kd2 
Qxb2+ 15.Kd3 Bc4+ 16.Kxc4 Qb5# 0-1

[Event "Transcontinental F"]
[Site "Montreal"]
[Date "2016.12.11"]
[Round "5"]
[White "Denis, Alain"]
[Black "Labadie, Bernard"]
[Result "0-1"]
[WhiteElo "1179"]
[BlackElo "1247"]
[EventDate "2016.12.09"]

1.Nf3 d5 2.d4 e6 3.e3 c5 4.dxc5 Bxc5 5.Nc3 Nf6 6.Bb5+ Bd7 7.Bxd7+ Nbxd7 8.
Na4 Qa5+ 9.Nc3 Ne4 10.Bd2 Nxd2 11.Qxd2 Bb4 12.O-O O-O 13.a3 Be7 14.Qd3 
Rac8 15.Rfc1 Bf6 16.Nd4 Ne5 17.Qb5 Qc7 18.Na4 a6 19.Qb6 Qe7 20.c3 Nc4 21.
Qb4 Qc7 22.Rd1 Be7 23.Qb3 b5 24.Nxb5 axb5 25.Qxb5 Rb8 26.Qa6 Ra8 0-1

[Event "Transcontinental G"]
[Site "Montreal"]
[Date "2016.12.09"]
[Round "1"]
[White "Dubois, Lorraine"]
[Black "Guertin, Roger"]
[Result "1-0"]
[WhiteElo "1170"]
[BlackElo "1048"]
[EventDate "2016.12.09"]

1.d4 d5 2.c4 c5 3.cxd5 c4 4.e4 b5 5.a4 e6 6.axb5 exd5 7.e5 Bb4+ 8.Nc3 Bd7 
9.Bd2 Bxc3 10.bxc3 Bxb5 11.Ne2 Ne7 12.g3 O-O 13.Bg2 h6 14.O-O a5 15.Nf4 
Ra6 16.Re1 Re8 17.e6 Bc6 18.exf7+ Kxf7 19.Qf3 Kg8 20.Ne6 Qc8 21.Qg4 Ng6 
22.Qxg6 Rxe6 23.Qxe6+ Qxe6 24.Rxe6 Ra7 25.Re5 Nd7 26.Re7 Rb7 27.Rxa5 Rb2 
28.Be1 Nf6 29.Raa7 Ne8 30.Bh3 Kh8 31.Bd7 Bxd7 32.Raxd7 Rb8 33.Rb7 Rxb7 34.
Rxb7 Nd6 35.Rd7 1-0

[Event "Transcontinental G"]
[Site "Montreal"]
[Date "2016.12.10"]
[Round "2"]
[White "Brunelle, Raymond"]
[Black "Dubois, Lorraine"]
[Result "1/2-1/2"]
[WhiteElo "1119"]
[BlackElo "1170"]
[EventDate "2016.12.09"]

1.e4 c6 2.d4 d5 3.Nc3 dxe4 4.Nxe4 Bf5 5.Ng3 Bg6 6.Nf3 e6 7.Be2 Nd7 8.O-O 
Ngf6 9.Bf4 Be7 10.c3 O-O 11.Ne5 Nxe5 12.Bxe5 c5 13.Bf3 Qc8 14.Qb3 Nd5 15.
c4 Nb6 16.Ne4 Bxe4 17.Bxe4 cxd4 18.Rac1 f6 19.Bxd4 Qd7 20.Rfd1 Qa4 21.c5 
Qxb3 22.axb3 Nd5 23.Rc4 Rab8 24.Ra1 a6 25.Ra5 Nc7 26.b4 Rfd8 27.Ra1 Nb5 
28.Be3 f5 29.Bf3 Bf6 30.Rb1 e5 31.Be2 f4 32.Bc1 Nd4 33.Kf1 Nxe2 34.Kxe2 
Rdc8 35.f3 b6 36.Ra1 b5 37.Rc2 Ra8 38.Kd3 g6 39.Ke4 Kg7 40.b3 Rd8 41.Bb2 
h5 42.c6 Rdc8 43.Rd1 Ra7 44.Rd7+ Rxd7 45.Bxe5 Bxe5 46.Kxe5 Rdc7 47.Kd6 Kh6
48.Rc5 g5 49.g3 h4 50.g4 Kg6 51.h3 Kf6 52.Re5 1/2-1/2

[Event "Transcontinental G"]
[Site "Montreal"]
[Date "2016.12.10"]
[Round "3"]
[White "Guertin, Roger"]
[Black "Brunelle, Raymond"]
[Result "0-1"]
[WhiteElo "1048"]
[BlackElo "1119"]
[EventDate "2016.12.09"]

1.e4 c5 2.Bd3 g6 3.c3 Bg7 4.Bc2 Nc6 5.Nf3 d6 6.h3 e6 7.O-O d5 8.exd5 Qxd5 
9.Bb3 c4 10.Bc2 Nge7 11.d3 O-O 12.d4 b5 13.b3 a5 14.bxc4 bxc4 15.Ba3 Rd8 
16.Bxe7 Nxe7 17.Re1 Nf5 18.Be4 Qb5 19.Bxa8 Qb2 20.Nbd2 Qxc3 21.Rc1 Qa3 22.
Nxc4 Qxa2 23.Nb6 Ba6 24.d5 Qb2 25.Na4 Qb8 26.Bc6 Ne7 27.Rb1 Qc7 28.Qb3 
exd5 29.Qb8 Rxb8 30.Rxb8+ Qxb8 31.Rxe7 Bf8 32.Re8 Qd6 33.Nd4 Qb4 34.Nf3 d4
35.Ne5 d3 36.Rd8 Qe1+ 37.Kh2 Qxe5+ 38.g3 Kg7 39.Nb6 Bb5 40.Rxf8 Kxf8 41.
Nd7+ Kg7 42.Nxe5 Bxc6 43.Nxd3 a4 44.Nb4 Bb5 45.Kg2 a3 46.Kf3 Bc4 47.Ke3 a2
48.Nc2 Bb3 49.Na1 Be6 50.h4 h5 51.f4 f6 52.Kd4 Kf7 53.Kc5 Ke7 54.Kc6 Bd7+ 
55.Kd5 Bc8 56.Kc5 Ke6 57.Kc6 Kf5 0-1

[Event "Transcontinental G"]
[Site "Montreal"]
[Date "2016.12.11"]
[Round "4"]
[White "Dubois, Lorraine"]
[Black "Brunelle, Raymond"]
[Result "1-0"]
[WhiteElo "1170"]
[BlackElo "1119"]
[EventDate "2016.12.09"]

1.d4 Nf6 2.c4 e6 3.Nc3 Bb4 4.e3 d5 5.Ne2 O-O 6.a3 Ba5 7.b4 Nc6 8.bxa5 Nxa5
9.cxd5 Nxd5 10.Bd2 c6 11.Ng3 Qb6 12.Rb1 Qc7 13.Bd3 Rb8 14.O-O a6 15.Qc2 b5
16.Bxh7+ Kh8 17.Nxd5 exd5 18.Bd3 Nb7 19.Qd1 g6 20.e4 Qd6 21.Bb4 c5 22.e5 
Qb6 23.dxc5 Nxc5 24.Be2 Re8 25.Bf3 Be6 26.Qd4 Nd7 27.Qxb6 Rxb6 28.Rfe1 Nb8
29.Bd2 Rc6 30.Bg5 Rc3 31.Bf6+ Kh7 32.Red1 Rec8 33.Rb4 g5 34.Bxg5 Kg6 35.h4
R8c4 36.Ne2 Rxa3 37.Nf4+ Kf5 38.Re1 Rxb4 1-0

[Event "Transcontinental G"]
[Site "Montreal"]
[Date "2016.12.11"]
[Round "5"]
[White "Brunelle, Raymond"]
[Black "Guertin, Roger"]
[Result "1-0"]
[WhiteElo "1119"]
[BlackElo "1048"]
[EventDate "2016.12.09"]

1.e4 e5 2.Nf3 Nc6 3.Bb5 d6 4.O-O Nf6 5.Re1 Bg4 6.h3 Bh5 7.c3 Be7 8.d4 O-O 
9.Qd3 Bxf3 10.Qxf3 a6 11.Ba4 Na5 12.dxe5 dxe5 13.Qf5 Nc4 14.Bc2 Nd6 15.Qf3
Nd7 16.b3 c5 17.c4 b5 18.Nd2 b4 19.a3 a5 20.Bb2 Nc8 21.Qe2 Qb6 22.a4 Na7 
23.Nf3 Nc6 24.Rad1 Nd4 25.Qd3 Bf6 26.Bb1 Nxf3+ 27.Qxf3 Rad8 28.Rd3 Nb8 29.
Red1 Rxd3 30.Rxd3 Rd8 31.Rd5 Nc6 32.Qd3 Rxd5 33.cxd5 Nd4 34.Bxd4 cxd4 35.
Qb5 Qd8 36.Qc6 Be7 37.g3 Qf8 38.f4 f6 39.Bd3 exf4 40.gxf4 Kh8 41.Bb5 Qf7 
42.d6 Qg6+ 43.Kf2 Bd8 44.Qc8 h6 45.Qxd8+ Kh7 46.Bd7 Qxe4 47.Kg3 Qe3+ 48.
Kg4 Qe2+ 49.Kf5 1-0